000 00775nam a2200253 4500
003 OSt
005 20260530113852.0
008 260508b1972 uxx||||| |||| 00| 0 eng d
040 _aICI
_bspa
_cICI
041 _aeng
050 _aND1488
_bG78 1972
100 1 _aGrumbacher, M
_dautot
_931285
245 1 0 _aColor Compass
_cM. Grumbacher
264 1 _bNew York
_cGrumbacher
_a1972
300 _a20 páginas:
_bIlustraciones
336 _atexto
_2rdacontent
337 _asin medio
_2rdamedia
338 _avolumen
_2rdacarrier
500 _aManual introductorio sobre teoría y aplicación del color en arte y diseño
650 _aColor en el arte.
_921221
650 _aTeoría del color.
_931286
650 _aDiseño
_xAspectos cromáticos.
_931287
942 _2lcc
_cBK
_n1
999 _c11473
_d11473